Introducción a los principios de mecánica

সংরক্ষণ করুন:
গ্রন্থ-পঞ্জীর বিবরন
প্রধান লেখক: Hauser, Walter (Author)
বিন্যাস: গ্রন্থ
ভাষা:স্প্যানিশ
প্রকাশিত: Ciudad de México UTEHA 1969
মালা:Addison-Wesley series in physics
বিষয়গুলি:
ট্যাগগুলো: ট্যাগ যুক্ত করুন
কোনো ট্যাগ নেই, প্রথমজন হিসাবে ট্যাগ করুন!

MARC

LEADER 00000nam a2200000 a 4500
001 UCP0556
003 CL-VaPUC
008 990313e19690000MX |||||||||||||||||spa|d
082 0 4 |a 531  |b HAU  |2 21 
100 |a Hauser, Walter  |e author  |9 425891 
245 1 0 |a Introducción a los principios de mecánica 
300 |a 580 p 
942 |c BK 
945 |d 19990313 00:00:00  |a lriquelm 
260 |a Ciudad de México  |b UTEHA  |c 1969 
650 0 |a Mecánica   |9 260096 
650 7 |a ENERGIA FISICA  |2 CL-VaPUC  |9 357667 
650 0 |a Cinemática  |9 260942 
650 7 |a MATERIA FISICA  |2 CL-VaPUC  |9 360137 
650 0 |a Dinámica  |9 260136 
650 0 |a Oscilaciones   |9 344730 
650 0 |a Relatividad  |9 269977 
650 0 |a Propiedades mecánicas   |9 262507 
583 |a last modification  |c 20140410 08:22:23  |k Rodrigo Vera 
490 0 |a Addison-Wesley series in physics 
999 |c 279322  |d 279320 
952 |0 0  |1 0  |4 0  |6 531_000000000000000_HAU_1969  |7 0  |8 A  |9 318379  |a BIBMEC  |b BIBMEC  |d 2019-11-20  |i 1326384  |o 531 HAU 1969  |p 1326384  |r 2024-01-19  |w 2019-11-20  |y BK  |k MEC 
952 |0 0  |1 0  |4 0  |6 531_000000000000000_HAU_1969  |7 0  |8 A  |9 318380  |a BIBMEC  |b BIBMEC  |d 2019-11-20  |i 1329944  |o 531 HAU 1969  |p 1329944  |r 2024-01-19  |w 2019-11-20  |y BK  |k MEC 
952 |0 0  |1 0  |4 0  |6 531_000000000000000_HAU_1969  |7 0  |8 A  |9 318381  |a BIBCUR  |b BIBCUR  |d 2019-11-20  |i 4543564  |l 10  |m 2  |o 531 HAU 1969  |p 4543564  |r 2025-04-22  |s 2024-11-22  |w 2019-11-20  |y BK  |k FIS